00766nam a2200181 a 450000100100000000500170001000800410002704000250006808200160009311000820010924500370019126000760022830000250030404900090032995201140033895201150045299900170056700003105320200930062656.0110613s2004 dr ac 000 0 spa d aDO-SdBNPbspacBNPHU axxxxbR426c1 aRepública Dominicana.bSecretaría de Estado de las Fuerzas Armadas95753410aComando especial antiterrorista. aSanto Domigo :bSecretaría de Estado de las Fuerzas Armadas,c[200?]. a11 p. :bil., retrs. aBNPD 0010718PDaPDbPDcCTd2011-06-13iLF1l0oxxxx R426cp31053-10r2020-06-25w2020-06-25yLFPDZNo se presta 00107-18PDaPDbPDcOId2011-07-25iLF1l0oxxxx R426cp31053-20r2020-06-25w2020-06-25yLFPDZNo se presta c30545d30545